Vývoj konkurenčnej schopnosti SR po vstupe do eurozóny bakalárska práca

Saved in:
Bibliographic Details
Main Author: Kúdelová, Nora
Corporate Author: Národohospodárska fakulta EU. Katedra hospodárskej politiky
Other Authors: Pobudová, Daniela, 1982-
Format: Book
Language:Slovak
Published: Bratislava 2017
Tags: Add Tag
No Tags, Be the first to tag this record!

MARC

LEADER 00000nbm a2200000 4500
001 0233821
005 20170801092454.9
041 0 |a slo 
044 |a SK 
245 1 0 |a Vývoj konkurenčnej schopnosti SR po vstupe do eurozóny  |b bakalárska práca  |c Nora Kúdelová ; školiteľ: Daniela Pobudová 
264 1 |a Bratislava  |c 2017 
300 |a 43 s. 
100 1 |a Kúdelová, Nora 
700 1 |a Pobudová, Daniela, 1982- 
710 2 |a Národohospodárska fakulta EU. Katedra hospodárskej politiky